Odgadnij kraje po flagach wojennych - Statystyki

Ogólne statystyki
  • Ten quiz został rozwiązany 113 razy
  • Średni wynik to 30 z 53
Statystyki odpowiedzi
Obrazkowy Odpowiedź % Poprawnych
Algieria
94%
Izrael
90%
Kanada
90%
Niemcy
90%
Chiny
88%
Południowa Afryka
87%
Wietnam
86%
Egipt
85%
Indie
84%
Słowenia
84%
Tajwan
84%
Malezja
83%
Australia
81%
Japonia
81%
Iran
80%
Kenia
80%
Pakistan
80%
Polska
80%
Stany Zjednoczone
80%
Sri Lanka
79%
Maroko
76%
Nowa Zelandia
76%
Korea Północna
73%
Arabia Saudyjska
72%
Irak
69%
Irlandia
69%
Jordania
69%
Ukraina
66%
Antigua i Barbuda
65%
Peru
65%
Serbia
62%
Rosja
60%
Wenezuela
57%
Filipiny
52%
Wielka Brytania
42%
Mongolia
41%
Namibia
30%
Kolumbia
29%
Tajlandia
29%
Brazylia
20%
Estonia
20%
Holandia
19%
Meksyk
17%
Turkmenistan
17%
Belgia
16%
Korea Południowa
16%
Bangladesz
14%
Gruzja
13%
Litwa
12%
Argentyna
9%
Białoruś
9%
Nigeria
9%
Albania
8%
Nie znaleziono quizów pasujących do podanych kryteriów
Rozkład punktacji
Procent ludzi z każdym wynikiem
Percentyl według liczby udzielonych odpowiedzi
Twoja historia wyników
Nie rozwiązałeś tego quizu